| 000 | 00750nam a22002417a 4500 | ||
|---|---|---|---|
| 999 |
_c19289 _d19289 |
||
| 003 | AR-CdUCM | ||
| 008 | 190517b ||||| |||| 00| 0 spa d | ||
| 020 | _a968-816-052-0 | ||
| 040 |
_aMUNICIPALIDAD PROVINCIAL DEL CUSCO _cBIBLIOTECA MUNICIPAL DEL CUSCO |
||
| 082 |
_a920 / _bD451 |
||
| 100 |
_aDesentis M., Alfredo _940547 |
||
| 245 | _aRotonda de los hombres ilustres / | ||
| 260 |
_aMéxico : _c1985. |
||
| 300 |
_a206 páginas ; _c22 cm. |
||
| 440 |
_aConciencia cívica nacional _n15 _940548 |
||
| 505 | _aContenido: Biografías. | ||
| 650 |
_aBiografías _9148 |
||
| 650 |
_aRotonda _940549 |
||
| 650 |
_aRito mortuorio _940550 |
||
| 700 |
_aMuñoz, Fernando (colaboración) _940551 |
||
| 942 |
_2ddc _cLIBROS |
||
| 945 |
_adavv _d2019-05-17 |
||